Ocean Facts - Statistics

General Stats
  • This quiz has been taken 40 times
    30 since last reset
  • The average score is 2 of 10
Answer Stats
Hint Creature % Correct
The most poisonous creature in the world Box Jellyfish
68%
The largest reptile in the world Saltwater crocodile
52%
Longest bony fish in the world Oar fish
24%
Slowest animal in the ocean Seahorse
12%
How many eggs can a sunfish produce? 300 Million
0%
How long (related to the question above) 405 Years
0%
How deep (related to the question above) 558 Ft.
0%
Diver that dived the lowest without an oxygen tank Pipin Ferras
0%
Longest living animal in the world Quahog
0%
Where is the most poisonous sea snake found Timor sea
0%
No matching quizzes found
Score Distribution
Percent of People with Each Score
Percentile by Number Answered
Your Score History
You have not taken this quiz since the last reset